<?xml version="1.0" encoding="UTF-8"?>
<marc:record xmlns:marc="http://www.loc.gov/MARC21/slim">
   <marc:leader>00000nam a2200000 a 4500</marc:leader>
   <marc:datafield ind1="1" ind2=" " tag="100">
      <marc:subfield code="a">Weissert, Frank</marc:subfield>
      <marc:subfield code="4">aut</marc:subfield>
      <marc:subfield code="e">Verfasser/-in</marc:subfield>
   </marc:datafield>
   <marc:datafield ind1=" " ind2=" " tag="653">
      <marc:subfield code="a">Angeln</marc:subfield>
   </marc:datafield>
   <marc:datafield ind1=" " ind2=" " tag="653">
      <marc:subfield code="a">Fisch</marc:subfield>
   </marc:datafield>
   <marc:datafield ind1=" " ind2=" " tag="653">
      <marc:subfield code="a">Fischer</marc:subfield>
   </marc:datafield>
   <marc:datafield ind1=" " ind2=" " tag="653">
      <marc:subfield code="a">Süßwasserfisch</marc:subfield>
   </marc:datafield>
   <marc:datafield ind1="0" ind2="0" tag="245">
      <marc:subfield code="a">Anglerlexikon der Süßwasserfische</marc:subfield>
   </marc:datafield>
   <marc:datafield ind1=" " ind2="1" tag="264">
      <marc:subfield code="b">Müller Rüschlikon</marc:subfield>
      <marc:subfield code="c">2022</marc:subfield>
   </marc:datafield>
   <marc:datafield ind1="1" ind2=" " tag="520">
      <marc:subfield code="a">Dieses Werk vereint auf ideale Weise ein praxisorientiertes Bestimmungsbuch mit zusätzlichen Informationen für noch erfolgreicheres Angeln. Frank Weissert stellt die für Angler wesentlichen Fische mit Fotos genau so vor, wie sie dem Fischer am Wasser begegnen und erklärt die entscheidenden Erkennungsmerkmale zum sicheren Bestimmen. Denn es beißen nicht immer genau die angepeilten Arten. Und zwecks Schonzeiten sowie Mindestmaßen ist eine sichere Identifikation unumgänglich. Die Fische sind in die Gruppen Fried- und Raubfische, Salmoniden, Kleinfische und Exoten unterteilt, was das Herausfinden der gefragten Art erleichtert.</marc:subfield>
   </marc:datafield>
   <marc:datafield ind1=" " ind2=" " tag="020">
      <marc:subfield code="a">9783275022632</marc:subfield>
      <marc:subfield code="9">9783275022632</marc:subfield>
   </marc:datafield>
</marc:record>
